|
|
|
|
| LEADER |
00000nab a2200000 a 4500 |
| 001 |
vtls010711018 |
| 003 |
SK-MaSNL |
| 005 |
20260304185937.0 |
| 008 |
250709s2003 xo |||||||||||||||||slo| |
| 035 |
|
|
|a (urnnbn)urn:nbn:sk:snk:ar-a04676
|
| 035 |
|
|
|a (uuid)88f4a663-e685-464d-915f-75b59134e01f
|
| 035 |
|
|
|a urn:nbn:sk:snk-ab3e9z
|
| 040 |
|
|
|a SNKBUCL
|b slo
|c SNKBUCL
|e AACR2
|
| 041 |
0 |
|
|a slo
|
| 044 |
|
|
|a xo
|c SK
|
| 100 |
1 |
|
|a Straus, Jiří,
|d 1954-
|4 aut
|9 104571
|
| 245 |
1 |
0 |
|a Medzinárodná konferencia - Konštituovanie a rozvoj policajných vied
|c Jiří Straus, Jaroslav Holomek
|
| 700 |
1 |
|
|a Holomek, Jaroslav,
|d 1957-
|4 aut
|9 197954
|
| 773 |
0 |
|
|t Policajná teória a prax : časopis Akadémie Policajného zboru pre policajnú teóriu a prax
|g Roč. 11, č. 1 (2003), s. 112-113
|
| 850 |
|
|
|a Slovenská národná knižnica
|
| 852 |
|
|
|a Slovenská národná knižnica
|
| 954 |
|
|
|a odborná, vedecká literatúra pôvodná (slovenská)
|2 lita
|
| 958 |
|
|
|a article1
|
| 958 |
|
|
|a OND
|
| 958 |
|
|
|a EUIPO
|
| 999 |
|
|
|c 3047159
|d 3049089
|